01498nam a22003377a 4500003000400000005001700004008004100021040002200062082001800084100003000102245003000132260006000162300002100222366000800243490002700251505001200278505011100290505017900401505001200580650006000592650005200652650005300704650004300757650004500800650005600845650004700901700003600948942002900984999001501013952013201028OSt20230616100946.0221006b |||||||| |||| 00| 0 eng d cBiblioteca Lado V a709.05bG851a 9855aGriffin, Timeeditor aArtforum/bInternacional/ aNew Yorkc1997bNew York editorial and business offices c26.5x27cma120p. eeng aEnerov1997x0864-1315 tLetters tCOLUMNSaPassages Books Hot List After Words Preview: The Whitney Biennial Spin Cycle Real Life Rock tFEATURESaArt in Residence Name Games: The Art of Bertrand Lavier Critical Reflections Flash Track: Craig McDean Photographs Jil Sander Body Work Openings: Pierre Huyghe tREVIEWS 2Tesauro de Arte & ArquitecturaaARTE COMTEMPORANEO9703 2Tesauro de Arte & ArquitecturaaFOTOGRAFIA9702 2Tesauro de Arte & ArquitecturaaARTE VISUAL9702 2Tesauro de Arte & ArquitecturaaLIBROS 2Tesauro de Arte & ArquitecturaaNOTICIAS 2 Tesauro de Arte & ArquitecturaaARTE INTERNACIONAL 2 Tesauro de Arte & ArquitecturaaESCULTURA aNavarreta, Jose Antonioeeditor 2ddcc1h709.05iG851an0 c3853d3853 00102ddc3199740708RevistasaLVbLVd2023-06-16hMarzoi002506l0o709.05 G851ap002506r2023-06-16 00:00:00w2023-06-16y1